Single and multi-carrier DS-CDMA: multi-user detection, space-time spreading, synchronisation, networking, and standards (Record no. 9467)

000 -LEADER
fixed length control field 01099 a2200217 4500
020 ## - INTERNATIONAL STANDARD BOOK NUMBER
International Standard Book Number 0470863099
040 ## - CATALOGING SOURCE
Original cataloging agency DLC
Language of cataloging DLC
082 00 - DEWEY DECIMAL CLASSIFICATION NUMBER
Classification number 621.3845
245 00 - TITLE STATEMENT
Title Single and multi-carrier DS-CDMA: multi-user detection, space-time spreading, synchronisation, networking, and standards
Remainder of title multi-user detection, space-time spreading, synchronisation, networking, and standards
Statement of responsibility, etc. L. Hanzo ... [et al.].
260 ## - PUBLICATION, DISTRIBUTION, ETC.
Place of publication, distribution, etc. New York :
Name of publisher, distributor, etc. J. Wiley,
Date of publication, distribution, etc. c2003.
300 ## - PHYSICAL DESCRIPTION
Extent xxv, 1077 p. :
Other physical details ill. ;
Dimensions 26 cm.
650 #0 - SUBJECT ADDED ENTRY--TOPICAL TERM
Topical term or geographic name entry element Code division multiple access.
650 #0 - SUBJECT ADDED ENTRY--TOPICAL TERM
Topical term or geographic name entry element Multiuser detection (Telecommunication)
650 #0 - SUBJECT ADDED ENTRY--TOPICAL TERM
Topical term or geographic name entry element Signal processing
General subdivision Digital techniques.
700 1# - ADDED ENTRY--PERSONAL NAME
Personal name Hanzo, Lajos,
Dates associated with a name 1952-
856 42 - ELECTRONIC LOCATION AND ACCESS
Materials specified Contributor biographical information
Uniform Resource Identifier <a href="http://www.loc.gov/catdir/bios/wiley046/2003053813.html">http://www.loc.gov/catdir/bios/wiley046/2003053813.html</a>
856 42 - ELECTRONIC LOCATION AND ACCESS
Materials specified Publisher description
Uniform Resource Identifier <a href="http://www.loc.gov/catdir/description/wiley041/2003053813.html">http://www.loc.gov/catdir/description/wiley041/2003053813.html</a>
856 42 - ELECTRONIC LOCATION AND ACCESS
Materials specified Table of contents
Uniform Resource Identifier <a href="http://www.loc.gov/catdir/toc/wiley041/2003053813.html">http://www.loc.gov/catdir/toc/wiley041/2003053813.html</a>
856 42 - ELECTRONIC LOCATION AND ACCESS
Materials specified Book review (E-STREAMS)
Uniform Resource Identifier <a href="http://www.e-streams.com/es0706/es0706_3301.html">http://www.e-streams.com/es0706/es0706_3301.html</a>
942 ## - ADDED ENTRY ELEMENTS (KOHA)
Koha item type Book
Call number prefix 621.3845 HAN
Source of classification or shelving scheme
Holdings
Withdrawn status Lost status Damaged status Not for loan Collection code Permanent Location Current Location Shelving location Date acquired Source of acquisition Cost, normal purchase price Total Checkouts Full call number Barcode Date last seen Price effective from Koha item type
          Central Library (CL) Central Library (CL) General Stacks 03/10/2007 Progressive International Agencies 15342.21   621.3845 HAN SEECS008227 11/14/2012 01/05/2017 Book
© 2023 Central Library, National University of Sciences and Technology. All Rights Reserved.